000 00868nam a2200289Ia 4500
003 OSt
005 20221006151321.0
006 a|||||r|||| 00| 0
007 ta
008 221006b |||||||| |||| 00| 0 chi d
020 _a 9787561907863 (V.2)
020 _a9787561907856 (V.1)
_cYu 39.00 (each)
024 _a21,698
037 _bGift,
_cTextual
040 _aEASL
_cEASL
_bchi
041 _2chi
_achi
082 _aP41, P0.
100 _aLAURA Burian Tr.
_9658887
245 0 _aSpotlight on China
_b An intermediate Chinese course = Zhongguo shidian
260 _aBeijing
_bBeijing Language Cultural University Press China
_c2000
300 _a297p.
_ccm.
490 _v V.2CL
650 _aCL
_9642733
700 _a Yu Ning Ed.
_9658888
942 _hP41, P0.
_cTEXL
_2CC
999 _c1089784
_d1089784